National Parks of Alaska on a Map - Statistics

General Stats
  • This quiz has been taken 98 times
  • The average score is 5 of 8
Answers on the Map
Answers color-coded by a green-red scale on the quiz's map according to % correct below.
 
Answer Stats
Answer % Correct
Denali
91%
Gates of the Arctic
80%
Kenai Fjords
72%
Wrangell-St. Elias
69%
Glacier Bay
63%
Katmai
63%
Lake Clark
52%
Kobuk Valley
44%
No matching quizzes found
Score Distribution
Percent of People with Each Score
Percentile by Number Answered
Your Score History
You have not taken this quiz